MARC

LEADER 00000nam0a2200000 4500
001 309135
005 20231102002148.0
035 |a (RuTPU)RU\TPU\book\334457 
090 |a 309135 
100 |a 20151110d1981 k y0rusy50 ca 
101 0 |a rus 
102 |a RU 
105 |a a z 001zy 
200 1 |a Моделирование и исследование электромеханических систем автоматического управления  |f Академия наук СССР (АН СССР), Дальневосточное отделение (ДВО), Институт автоматики и процессов управления (ИАПУ) ; под ред. И. Д. Кочубиевского, А. С. Девятисильного 
210 |a Владивосток  |c Изд-во ДВНЦ АН СССР  |d 1981 
215 |a 226 с.  |c ил. 
320 |a Библиогр. в конце ст. 
606 1 |a Электрические аппараты и приборы  |x Применение в схемах автоматики  |2 stltpush  |3 (RuTPU)RU\TPU\subj\26914  |9 50745 
610 1 |a автоматическое управление 
610 1 |a электромеханические системы 
610 1 |a моделирование 
610 1 |a выпрямители 
610 1 |a турбопоршневые дизели 
610 1 |a навигационные системы 
610 1 |a каскадные коды 
610 1 |a самонастраивающиеся системы 
610 1 |a оптимизация 
610 1 |a дискретные динамические модели 
610 1 |a лазерные лучи 
675 |a 681.527  |v 4 
702 1 |a Кочубиевский  |b И. Д.  |4 340 
702 1 |a Девятисильный  |b А. С.  |4 340 
712 0 2 |a Академия наук СССР (АН СССР)  |b Дальневосточное отделение (ДВО)  |b Институт автоматики и процессов управления (ИАПУ)  |c (Владивосток)  |2 stltpush  |3 (RuTPU)RU\TPU\col\4503 
801 1 |a RU  |b 63413507  |c 20151110 
801 2 |a RU  |b 63413507  |c 20170113  |g RCR 
942 |c BK